000 00333nam a2200121Ia 4500
005 20251222154417.0
008 251222s9999||||xx |||||||||||||| ||spa||
020 _a978-607-481-024-0
082 _a001.42/M26
100 _a"Martínez Ruéz, HéctorAvila Reyes, Elizabeth"
245 0 _aMetodologéa de la investigación
942 _cLIB
999 _c35895
_d35895